000 00272nam a22001217a 4500
040 _cSK
082 _a639
100 _aHUOT KONGHEANG
245 _aReservoir fisheries of india; អាងស្តុកជលផល
260 _aNA
_bHUO
_cNA
300 _aNA
942 _cEK
999 _c8886
_d8886